00533nam a2200157Ia 450000500170000000800410001708200130005810000140007124500470008526000440013230000140017650000690019094200060025995200950026599900150036020240927083918.0240331s9999 xx 000 0 und d bMENa808 aMendis, R 4aThe tragedy of a mystery :ba Ceylon story aLondonbArthur H. Stock well, Ltdc1928 a144 p .,  a- my son Lia & other Stories - Nandhimitta ( A historical Novel) cL 001040708LaWERCLbWERCLcSSCd2024-03-31l0o 808 MENp5811r2024-03-31w2024-03-31yL c3119d3119